书目信息 |
| 题名: |
中国史学与世界史学
|
|
| 作者: | 杜维运 著 | |
| 分册: | ||
| 出版信息: | 北京 商务印书馆 2010.12 |
|
| 页数: | 267页 | |
| 开本: | 21cm | |
| 丛书名: | ||
| 单 册: | ||
| 中图分类: | K092 , K091 | |
| 科图分类: | ||
| 主题词: | 史学--对比研究--中国--世界 , 史学 | |
| 电子资源: | ||
| ISBN: | 978-7-100-07482-7 | |
| 000 | 00803nam0 2200253 450 | |
| 001 | 010700101259 | |
| 005 | 20120619161701.17 | |
| 010 | @a978-7-100-07482-7@dCNY22.00 | |
| 100 | @a20110121d2010 em y0chiy0110 ea | |
| 101 | 0 | @achi |
| 102 | @aCN@b110000 | |
| 105 | @ay z 000yy | |
| 106 | @ar | |
| 200 | 1 | @a中国史学与世界史学@9zhong guo shi xue yu shi jie shi xue@f杜维运著 |
| 210 | @a北京@c商务印书馆@d2010.12 | |
| 215 | @a267页@d21cm | |
| 330 | @a本书共分为12章,主要内容包括:引论;西方对中国史学的认识;中国文化中的历史观念与史学的绵延发展;中国的史官记事制度与修史事业等方面。 | |
| 606 | 0 | @a史学@x对比研究@y中国@y世界 |
| 606 | 0 | @a史学 |
| 690 | @aK092@v4 | |
| 690 | @aK091@v4 | |
| 701 | 0 | @a杜维运@9du wei yun@4著 |
| 801 | 0 | @aCN@bRENTIAN@c20110121 |
| 905 | @b540259-63@dK092@e60@f5 | |
| 中国史学与世界史学/杜维运著.-北京:商务印书馆,2010.12 |
| 267页;21cm |
| ISBN 978-7-100-07482-7:CNY22.00 |
| 本书共分为12章,主要内容包括:引论;西方对中国史学的认识;中国文化中的历史观念与史学的绵延发展;中国的史官记事制度与修史事业等方面。 |
| ● |
| 相关链接 |
|
|
|
|
正题名:中国史学与世界史学
索取号:K092/60
 
预约/预借
| 序号 | 登录号 | 条形码 | 馆藏地/架位号 | 状态 | 备注 |
| 1 | 540259 | 205402599 | 第二样本阅览室/ [索取号:K092/60] | 在馆 | |
| 2 | 540260 | 205402606 | 密集书库-史法系/ [索取号:K092/60] | 在馆 | |
| 3 | 540261 | 205402615 | 第二借阅区/ [索取号:K092/60] | 在馆 | |
| 4 | 540262 | 205402624 | 第二借阅区/ [索取号:K092/60] | 在馆 | |
| 5 | 540263 | 205402633 | 第二借阅区/ [索取号:K092/60] | 在馆 |